Minecraft Mobs: Ender Dragon - Statistics

General Stats
  • This quiz has been taken 8 times
  • The average score is 6 of 10
Answer Stats
Question Answer % Correct
What item can be collected from an ender dragon's fireball attack? Dragon's Breath
100%
What advancement do you get for respawning the ender dragon? The End... Again...
88%
How many sub-hitboxes that can be damaged does the ender dragon have? 8
75%
What advancement do you get for killing an ender dragon? Free the End
75%
How many health points does an ender dragon have? 200
63%
What item is needed to respawn the ender dragon? End Crystal
63%
What advancement do you get for looking at the ender dragon through a spyglass? Is It a Plane?
63%
What advancement do you get for collecting that item? You Need a Mint
50%
What is an ender dragon's height in blocks? 8
38%
What is an ender dragon's width in blocks? 16
25%
No matching quizzes found
Score Distribution
Percent of People with Each Score
Percentile by Number Answered
Your Score History
You have not taken this quiz